[Event "SVK-chT 0304"]
[Site "Slovakia"]
[Date "2004.03.07"]
[Round "11"]
[White "Kovacik, Emil"]
[Black "Habinak, Tomas"]
[Result "1/2-1/2"]
[WhiteElo "2162"]
[BlackElo "2170"]
[PlyCount "30"]
[EventDate "2003.10.25"]
[EventType "team-tourn"]
[EventRounds "11"]
[EventCountry "SVK"]
[SourceTitle "EXT 2019"]
[Source "ChessBase"]
[SourceDate "2018.10.10"]
[SourceVersion "1"]
[SourceVersionDate "2018.10.10"]
[SourceQuality "1"]
[WhiteTeam "Dubnica nad Vahom"]
[BlackTeam "Liptov"]
[WhiteTeamCountry "SVK"]
[BlackTeamCountry "SVK"]

1. e4 e5 2. Nf3 Nc6 3. Nc3 Nf6 4. Bb5 d6 5. d4 exd4 6. Nxd4 Bd7 7. 0-0 Be7 8. Re1 0-0 9. Bf4 Ne5 10. Bxd7 Qxd7 11. Nf5 Ng6 12. Bg3 Rfe8 13. Nxe7+ Rxe7 14. Qd2 Rae8 15. f3 Nh5 1/2-1/2

[Event "SVK-chT"]
[Site "Slovakia"]
[Date "1995.??.??"]
[Round "?"]
[White "Habinak, Tomas"]
[Black "Ac, Michal"]
[Result "0-1"]
[WhiteElo "2345"]
[BlackElo "2260"]
[PlyCount "70"]
[EventDate "1995.??.??"]
[EventType "team"]
[EventRounds "13"]
[EventCountry "SVK"]
[SourceTitle "EXT 1997"]
[Source "ChessBase"]
[SourceDate "1996.11.15"]
[SourceVersion "1"]
[SourceVersionDate "1996.11.15"]
[SourceQuality "1"]

1. e4 c5 2. c3 Nf6 3. e5 Nd5 4. d4 cxd4 5. Nf3 Nc6 6. cxd4 d6 7. Nc3 Nxc3 8. bxc3 dxe5 9. Nxe5 Nxe5 10. dxe5 Qxd1+ 11. Kxd1 Bg4+ 12. Kc2 0-0-0 13. Bc4 e6 14. Be3 Rd7 15. Kb3 Be7 16. f3 Bf5 17. Rhd1 Rhd8 18. Rd4 Kc7 19. Rad1 a6 20. a4 Kc6 21. g4 Bg6 22. Bb5+ axb5 23. axb5+ Kc7 24. Rc4+ Kb8 25. Ra1 Rd1 26. Ba7+ Ka8 27. Rxd1 Rxd1 28. b6 Rd8 29. Rc7 Bg5 30. c4 Bf4 31. c5 Bxe5 32. Re7 Bxh2 33. Kc4 Bb8 34. c6 bxc6 35. Rc7 Bxc7 0-1

[Event "SVK-chT"]
[Site "Slovakia"]
[Date "1995.??.??"]
[Round "?"]
[White "Habinak, Tomas"]
[Black "Husek, Zdenek"]
[Result "0-1"]
[WhiteElo "2350"]
[BlackElo "2255"]
[PlyCount "44"]
[EventDate "1995.??.??"]
[EventType "team"]
[EventRounds "13"]
[EventCountry "SVK"]
[SourceTitle "EXT 1997"]
[Source "ChessBase"]
[SourceDate "1996.11.15"]
[SourceVersion "1"]
[SourceVersionDate "1996.11.15"]
[SourceQuality "1"]

1. e4 e5 2. Nf3 d6 3. d4 Nf6 4. Nc3 Nbd7 5. Bc4 Be7 6. dxe5 dxe5 7. Bxf7+ Kxf7 8. Ng5+ Kg8 9. Ne6 Qe8 10. Nxc7 Qg6 11. Nxa8 Qxg2 12. Rf1 b5 13. Qe2 Bb7 14. Nc7 Nxe4 15. Nxe4 Bxe4 16. Be3 Bf3 17. Qxb5 Qg4 18. Kd2 Nf6 19. Rae1 h6 20. Rg1 Qf5 21. Qb3+ Kh7 22. Qf7 Ne4+ 0-1

[Event "SVK-chT"]
[Site "Slovakia"]
[Date "1995.??.??"]
[Round "?"]
[White "Lanc, Alois"]
[Black "Habinak, Tomas"]
[Result "1-0"]
[WhiteElo "2415"]
[BlackElo "2345"]
[PlyCount "63"]
[EventDate "1995.??.??"]
[EventType "team"]
[EventRounds "13"]
[EventCountry "SVK"]
[SourceTitle "EXT 1997"]
[Source "ChessBase"]
[SourceDate "1996.11.15"]
[SourceVersion "1"]
[SourceVersionDate "1996.11.15"]
[SourceQuality "1"]

1. e4 e5 2. Nf3 Nc6 3. Bb5 a6 4. Ba4 Nf6 5. 0-0 Be7 6. Re1 b5 7. Bb3 Bb7 8. d4 Nxd4 9. Bxf7+ Kf8 10. Bd5 Nxf3+ 11. Qxf3 Bxd5 12. exd5 d6 13. Bg5 h6 14. Bxf6 Bxf6 15. Nc3 Qd7 16. Ne4 Kf7 17. Re3 Raf8 18. Ra3 Qc8 19. Rc3 Qd7 20. Rc6 Ra8 21. Qh5+ Ke7 22. h3 Ra7 23. b3 Qe8 24. Qe2 Qf7 25. Rd1 Kd7 26. c4 Rb8 27. c5 dxc5 28. Nxc5+ Ke8 29. Nxa6 Rbb7 30. Nb4 Qd7 31. f4 Qe7 32. Re6 1-0

[Event "SVK-chT"]
[Site "Slovakia"]
[Date "1994.??.??"]
[Round "?"]
[White "Djubek, Boris"]
[Black "Habinak, Tomas"]
[Result "1/2-1/2"]
[WhiteElo "2265"]
[BlackElo "2350"]
[PlyCount "56"]
[EventDate "1994.??.??"]
[EventType "team"]
[EventRounds "13"]
[EventCountry "SVK"]
[SourceTitle "TD"]
[Source "ChessBase"]
[SourceDate "1994.03.01"]
[SourceVersion "1"]
[SourceVersionDate "1994.03.01"]
[SourceQuality "1"]

1. d4 Nf6 2. c4 c5 3. d5 b5 4. cxb5 a6 5. bxa6 Bxa6 6. Nc3 d6 7. Nf3 g6 8. g3 Bg7 9. Bg2 Nbd7 10. 0-0 0-0 11. Qc2 Qa5 12. Rd1 Rfb8 13. Rb1 Ng4 14. Bd2 Nge5 15. Nxe5 Nxe5 16. b3 Ra7 17. Re1 Rab7 18. h3 Qa3 19. Nd1 Nc4 20. Bc3 Na5 21. Bxg7 Kxg7 22. Ne3 c4 23. bxc4 Rxb1 24. Rxb1 Rxb1+ 25. Qxb1 Nxc4 26. Nxc4 Bxc4 27. Qe4 Qxa2 28. Qxe7 Qxe2 1/2-1/2

[Event "SVK-chT"]
[Site "Slovakia"]
[Date "1994.??.??"]
[Round "11"]
[White "Habinak, Tomas"]
[Black "Martiska, Peter"]
[Result "1/2-1/2"]
[WhiteElo "2350"]
[BlackElo "2215"]
[PlyCount "31"]
[EventDate "1994.??.??"]
[EventType "team"]
[EventRounds "13"]
[EventCountry "SVK"]
[SourceTitle "TD"]
[Source "ChessBase"]
[SourceDate "1994.03.01"]
[SourceVersion "1"]
[SourceVersionDate "1994.03.01"]
[SourceQuality "1"]

1. e4 e5 2. f4 d5 3. exd5 c6 4. Nf3 exf4 5. dxc6 Nxc6 6. Bb5 Bd6 7. Nc3 Nge7 8. d4 0-0 9. 0-0 Bg4 10. Ne4 Bc7 11. c3 Ng6 12. Nf2 Bh5 13. Nh3 Qf6 14. Qc2 Rad8 15. Nfg5 Bg4 16. Bd3 1/2-1/2

[Event "SVK-chT"]
[Site "Slovakia"]
[Date "1994.??.??"]
[Round "?"]
[White "Habinak, Tomas"]
[Black "Petrik, Karol"]
[Result "1-0"]
[WhiteElo "2350"]
[BlackElo "2265"]
[PlyCount "91"]
[EventDate "1994.??.??"]
[EventType "team"]
[EventRounds "13"]
[EventCountry "SVK"]
[SourceTitle "TD"]
[Source "ChessBase"]
[SourceDate "1994.03.01"]
[SourceVersion "1"]
[SourceVersionDate "1994.03.01"]
[SourceQuality "1"]

1. e4 c6 2. d4 g6 3. h3 d5 4. e5 h5 5. Nf3 Nh6 6. Nc3 Bg7 7. Ne2 Na6 8. c3 Nc7 9. Nf4 Ne6 10. Be2 Nxf4 11. Bxf4 Nf5 12. Qd2 h4 13. 0-0 Bf8 14. Bg5 f6 15. Bf4 Be6 16. Bd3 Qd7 17. Nh2 g5 18. Be3 fxe5 19. dxe5 0-0-0 20. Bxg5 Nh6 21. f4 Nf5 22. Bxf5 Bxf5 23. Nf3 Bh6 24. Qf2 Be4 25. Qxa7 Bxf3 26. Rxf3 Bxg5 27. fxg5 Rh5 28. Qe3 Rg8 29. e6 Qe8 30. Rf5 Qg6 31. Raf1 Rxg5 32. Rf8+ Rxf8 33. Rxf8+ Kc7 34. Qf4+ Kb6 35. Qf2+ Kb5 36. a4+ Kc4 37. Qd4+ Kb3 38. Qb4+ Ka2 39. Qa3+ Kb1 40. Rf2 Re5 41. Rf1+ Kc2 42. b4 Qxe6 43. Rc1+ Kd2 44. Qb2+ Kd3 45. Rd1+ Ke4 46. Qf2 1-0